Media and modernity (Record no. 6281)

MARC details
000 -LEADER
fixed length control field 00520 a2200169 4500
001 - CONTROL NUMBER
control field 131885
003 - CONTROL NUMBER IDENTIFIER
control field OSt
005 - DATE AND TIME OF LATEST TRANSACTION
control field 20211005152857.0
008 - FIXED-LENGTH DATA ELEMENTS--GENERAL INFORMATION
fixed length control field
082 ## - DEWEY DECIMAL CLASSIFICATION NUMBER
Classification number 302.2309548
Item number J37M
100 1# - MAIN ENTRY--PERSONAL NAME
Personal name Jeffery, Robin
245 1# - TITLE STATEMENT
Title Media and modernity
Statement of responsibility, etc by Robin Jeffery
260 ## - PUBLICATION, DISTRIBUTION, ETC. (IMPRINT)
Place of publication, distribution, etc Ranikhet
Name of publisher, distributor, etc Permanent Black
Date of publication, distribution, etc 2010
300 ## - PHYSICAL DESCRIPTION
Extent 300p.
690 ## - LOCAL SUBJECT ADDED ENTRY--TOPICAL TERM (OCLC, RLIN)
Topical term or geographic name as entry element Mass media--Political aspects; Mass media--Social aspects; Women in development; India--Kerala; Communism and mass media
942 ## - ADDED ENTRY ELEMENTS (KOHA)
Source of classification or shelving scheme Dewey Decimal Classification
Koha item type Books
Holdings
Withdrawn status Lost status Source of classification or shelving scheme Damaged status Not for loan Collection code Home library Current library Date acquired Source of acquisition Cost, normal purchase price Full call number Barcode Date last seen Price effective from Koha item type
    Dewey Decimal Classification     General Text Book Central University Of Rajasthan Central University Of Rajasthan 08/06/2012 CMS 695.00 302.2309548 J37M 8666 21/11/2024 02/09/2020 Books